01673nam a22003377a 4500001000500000005001700005020001800022040003500040050001700075082000900092100004200101245008600143250003500229260003500264300004100299490003300340505000800373520028300381521002000664521002000684650006300704650003100767650003200798655004200830906004500872942001500917999001500932952012400947952013201071952013201203140220231116121638.0 a9780590426886 aDLCcDLCdDLCdOCoLCdDLCbeng00aPZ7.W244bYe aFic 1 aWarner, Gertrude Chandlerd1890-1979.14aThe yellow house mysterycby Warner, Gertrude Chandler, illustrated by Mary Gehr. aThis edition published in 1981 aNew York :bScholastic, c1953 a191 pages :billustrations ;c20 cm  aThe boxcar children vBook 3 aO  aRelates the exploits of the four Alden children as they locate a missing man. The Boxcar children are determined to solve the mystery that surrounds an old yellow house on their grandfather's property. Strange things have happened in that house where long ago a man disappeared. a620 bLexile  aO bRaz-Plus  0aBoxcar children (Fictitious characters)vJuvenile fiction. 0aOrphansvJuvenile fiction. 0aFamiliesvJuvenile fiction. 7aDetective and mystery stories.2gsafd a7bcbccorignewdueocipf19gy-gencatlg 2ddccBKn0 c1402d1402 00102ddc40708JUVFa001b001cTTPd2023-08-23l0oWAR Fic PZ7.W244pFIS00397r2023-08-23 15:46:30t1w2023-08-23yBK 00102ddc40708JUVFa001b001cTK Yellowd2023-11-16l0oWAR Fic PZ7.W244pFISTK00462r2023-11-16 12:12:29t2w2023-08-23yBK 00102ddc40708JUVFa001b001cTK Yellowd2023-11-16l0oWAR Fic PZ7.W244pFISBK00717r2023-11-24 11:16:48t3w2023-08-23yBK